000 00272nam a2200109Ia 4500
008 190914s9999||||xx |||||||||||||| ||und||
100 _aSarwat Sultana Sarwat
245 0 _aYehi kuch Main Nay Socha Tha
260 _aKarachi
_bDunyae Adab
_c2006
300 _a895
942 _cBK
999 _c9939
_d9939